Countries Of North Africa - Statistics

General Stats
  • This quiz has been taken 251 times
  • The average score is 8 of 10
Answers on the Map
Answers color-coded by a green-red scale on the quiz's map according to % correct below.
 
Answer Stats
Answer % Correct
Morocco
94%
Egypt
93%
Algeria
90%
Libya
84%
Tunisia
81%
Sudan
79%
Niger
78%
Chad
71%
Mali
71%
Mauritania
59%
No matching quizzes found
Score Distribution
Percent of People with Each Score
Percentile by Number Answered
Your Score History
You have not taken this quiz